000 00605nam a2200217 i 4500
001 bimo0000329063
003 OSt
005 20140627102513.0
008 921214s1974 sp |||| ||spa d
040 _cBMC
082 _a863.9921
100 1 _aAzuela, Mariano
_d1873-1952
_913228
245 1 0 _a3 novelas
_b: La malhora, El desquite, La luciérnaga
_cMariano Azuela
260 0 _aMéxico, D.F.
_bFondo de Cultura Económica
_c1958
300 _a177 p.
_c17 cm
490 _aColección Popular
_v89
740 3 2 _aLa malhora.
740 3 2 _aEl desquite.
740 3 2 _aLa luciérnaga.
942 _2ddc
_cBK
999 _c6831
_d6831